[Event "BCF-ch U140"]
[Site "Coventry"]
[Date "2015.07.31"]
[Round "5"]
[White "Beckinsale, James"]
[Black "Dicks, Steve"]
[Result "1/2-1/2"]
[WhiteElo "107"]
[BlackElo "126"]
[PlyCount "46"]
[EventDate "2015.07.27"]
[EventType "swiss"]
[EventRounds "5"]
[EventCountry "ENG"]
[SourceTitle "EXT 2016"]
[Source "ChessBase"]
[SourceDate "2015.10.08"]
[SourceVersion "1"]
[SourceVersionDate "2015.10.08"]
[SourceQuality "1"]

1. d4 Nf6 2. c4 c5 3. Nf3 e6 4. Nc3 d5 5. e3 cxd4 6. exd4 Bb4 7. Bd2 0-0 8. Qb3 Nc6 9. Be2 Bxc3 10. Bxc3 Ne4 11. 0-0 Nxc3 12. Qxc3 dxc4 13. Bxc4 Bd7 14. Ne5 Nxe5 15. dxe5 f5 16. Be2 Rc8 17. Qe3 Rc7 18. Rac1 Rxc1 19. Rxc1 Qa5 20. Qd4 Rd8 21. a3 g6 22. Qh4 Rc8 23. Rxc8+ Bxc8 1/2-1/2